Loading...
| Science - Physics | 0 | 7 | 1 | 2 | 65 | 34 | 87.71 | 3 | 7 | 0.00 | 0.00 |
| Fine Arts - Classical Music | 0 | 6 | 1 | 0 | 55 | 50 | 101.00 | 2 | 6 | 0.00 | 0.00 |
| Religion | 0 | 3 | 1 | 2 | 25 | 81 | 115.00 | 3 | 3 | 0.00 | 0.00 |
| History - Other | 0 | 2 | 0 | 0 | 20 | 53 | 60.50 | 1 | 2 | 0.00 | 0.00 |
| Fine Arts - Other | 0 | 2 | 0 | 1 | 20 | 125 | 126.00 | 1 | 2 | 0.00 | 0.00 |
| Other | 0 | 2 | 0 | 0 | 20 | 53 | 77.50 | 0 | 2 | 0.00 | 0.00 |
| Science - Other | 0 | 3 | 2 | 0 | 20 | 48 | 65.00 | 1 | 3 | 0.00 | 0.00 |
| Fine Arts - Painting & Sculpture | 0 | 2 | 0 | 0 | 20 | 82 | 106.00 | 1 | 2 | 0.00 | 0.00 |
| Mythology | 0 | 2 | 1 | 0 | 15 | 53 | 74.00 | 1 | 2 | 0.00 | 0.00 |
| Science - Biology | 0 | 1 | 0 | 0 | 10 | 48 | 48.00 | 1 | 1 | 0.00 | 0.00 |
| Science - Chemistry | 0 | 1 | 0 | 0 | 10 | 102 | 102.00 | 0 | 1 | 0.00 | 0.00 |
| History - American | 0 | 0 | 1 | 0 | -5 | 0.00 | 0 | 0 | 0.00 | 0.00 | |
| History - World | 0 | 0 | 1 | 0 | -5 | 0.00 | 0 | 0 | 0.00 | 0.00 |